Statistics for Songs That Never Passed Their Debut Position (Billboard Hot 100) [2013]

Click here to take the quiz!

General Stats

  • This quiz has been taken 2 times
  • The average score is 24 of 147

Answer Stats

MonthPeakArtist(s)Song% Correct
#6One DirectionStory of My Life
100%
#12One DirectionMidnight Memories
100%
#67Drake ft. Jhene AikoFrom Time
50%
#51DrakeThe Language
50%
#88Hustle Gang ft. T.I, B.o.B, Kendrick Lamar & Kris StephensMemories Back Then
50%
#97Arianna ft. PitbullSexy People (The Fiat Song)
50%
#56DrakeFurthest Thing
50%
#90Carly Rae Jepsen ft. Nicki MinajTonight I'm Getting Over You
50%
#64Drake ft. SamphaToo Much
50%
#65Drake ft. Jay-ZPound Cake / Paris Morton Music 2
50%
#68Panic! At The Disco ft. LoloMiss Jackson
50%
#89R. Kelly ft. 2 ChainzMy Story
50%
#77Brad Paisley ft. LL Cool JAccidental Racist
50%
#78DrakeOwn It
50%
#81DrakeTuscan Leather
50%
#83Jay-Z ft. Frank OceanOceans
50%
#100Yo Gotti ft. Jeezy & YGAct Right
50%
#13Lady Gaga ft. R. KellyDo What U Want
50%
#64Jay-Z ft. Rick Ross****withmeyouknowigotit
50%
#78Avril Lavigne ft. Chad KroegerLet Me Go
50%
#87DrakeCome Thru
50%
#18Kanye West ft. Cam'ron & ConsequenceGone
50%
#74Fantasia ft. Kelly Rowland & Missy ElliottWithout Me
50%
#82Ross Lynch, Grace Phipps & Jason EviganCruisin' for a Bruisin'
50%
#20Drake ft. 2 Chainz & Big SeanAll Me
50%
#71LordeTennis Court
50%
March#96Joe Budden ft. Lil Wayne & TankShe Don't Put It Down
50%
#87MIKA ft. Ariana GrandePopular Song
50%
#942 Chainz ft. Drake & Lil WayneI Do It
50%
#42Green Shoe Studio ft. Jacob Colgan & Fred StobaughOh Sweet Lorraine
50%
#55Rebecca Black & Dave DaysSaturday
50%
#41Justin Bieber ft. Chance the RapperConfident
50%
#19Maejor Ali ft. Juicy J & Justin BieberLolly
50%
#60The Lonely Island ft. Adam Levine & Kendrick LamarYolo
50%
#96Armin van Buuren ft. Trevor GuthrieThis Is What It Feels Like
50%
#65Linkin Park & Steve AokiA Light That Never Comes
50%
#88Afrojack ft. Chris BrownAs Your Friend
50%
#84Ariana Grande ft. Big SeanRight There
50%
#87One DirectionStrong
50%
#77French Montana ft. Nicki MinajFreaks
50%
#90DJ Drama ft. Wale, Tyga & Roscoe DashSo Many Girls
50%
#54Justin Bieber ft. R. KellyPYD
50%
#66Tyga ft. Cedric Gervais, Wiz Khalifa & Mally MallMolly
50%
December#11One DirectionDiana
50%
#98Usher & Michelle ChamuelOne
50%
#85AviciiYou Make Me
0%
#78Imagine DragonsMonster
0%
October#12Britney SpearsWork *****
0%
#99Arcade FireReflektor
0%
#89DrakeWorst Behaviour
0%
#34Katy PerryWalking on Air
0%
#29Justin BieberHold Tight
0%
#76Pearl JamSirens
0%
#76Britney SpearsPerfume
0%
#87Jacquie LeeAngel
0%
#75Lea MicheleCannonball
0%
#64Tessanne ChinBridge Over Troubled Water
0%
#96Tamar BraxtonAll The Way Home
0%
#86Childish GambinoI. Crawl
0%
#59Justin BieberChange Me
0%
#13PentatonixLittle Drummer Boy
0%
#83Will ChamplinAt Last
0%
#47Justin BieberRollercoaster
0%
#96Ariana GrandeLast Christmas
0%
#50Justin BieberAll Bad
0%
#40Matthew SchulerHallelujah
0%
#99Eminem ft. SiaBeautiful Pain
0%
#72James WolpertA Case of You
0%
#84Glee CastMake You Feel My Love
0%
#53Justin BieberBad Day
0%
#8Lady GagaDope
0%
#41Justin BieberRecovery
0%
#32Lady GagaVenus
0%
#68Tyga & Justin BieberWait For a Minute
0%
#51Eric ChurchThe Outsiders
0%
#34Taylor SwiftSweeter Than Fiction
0%
#90Tegan & SaraCloser
0%
#29Alison GoldChinese Food
0%
#24Justin BieberAll That Matters
0%
November#7EminemRap God
0%
#93Miley CyrusSomeone Else
0%
#87Miley CyrusDrive
0%
#79Romeo SantosPropuesta Indecente
0%
January#60Cassadee PopeCry
0%
#99MigosVersace
0%
#80Fall Out BoyThe Phoenix
0%
#89Danielle BradberyGrandpa (Tell Me 'bout the Good Old Days
0%
#100A$AP FergWork
0%
#91Danielle BradberyHeads Carolina, Tails California
0%
#26Zach SobiechClouds
0%
#93Candice GloverI am Beautiful
0%
June#77Fergie, Q-Tip & GoonRockA Little Party Never Killed Nobody (All We Got)
0%
#92Danielle BradberyMaybe It Was Memphis
0%
#83GlorianaCan't Shake You
0%
May#58will.i.am ft. Miley CyrusFall Down
0%
#92WE the WingsJust Keep Breathing
0%
#51Ray J ft. Bobby BrackinsI Hit It First
0%
#18Luke BryanCrash My Party
0%
#60Jonas BrothersPom Poms
0%
April#64Justin TimberlakePusher Lover Girl
0%
#85Michelle ChamuelI Knew You Were Trouble
0%
#74Luke BryanBuzzkill
0%
#94Michael BubleIt's A Beautiful Day
0%
#42NellyHey Porsche
0%
#98Justin BieberAs Long As You Love Me (Acoustic)
0%
#91Glee CastLet Me Love You (Until You Learn to Love Yourself)
0%
#59Justin BieberNothing Like Us
0%
#90Kid Ink ft. Meek Mill & WaleBad Ass
0%
#68Tyga ft. Rick RossDope
0%
February#86A$AP RockyLong Live A$AP
0%
#74OneRepublicIf I Lose Myself
0%
#64Taylor SwiftThe Moment I Knew
0%
#97Samantha BarksOn My Own
0%
#98One DirectionRock Me
0%
#37Cassadee PopeWasting All These Tears
0%
#66The Swon BrothersDanny's Song
0%
#91Avril LavigneRock N Roll
0%
#100Jay-ZCrown
0%
#3EminemBerzerk
0%
#96LudacrisHelluva Night
0%
September#78Prince RoyceDarte Un Beso
0%
#96Little Big TownYour Side of the Bed
0%
#94The WantedWe Own The Night
0%
#69Anne HathawayI Dreamed A Dream
0%
#59Mumford & SonsHopeless Wanderer
0%
#92Marc AnthonyVivir Mi Vida
0%
#21Ariana GrandeBaby I
0%
#2One DirectionBest Song Ever
0%
#83Avenged SevenfoldHail to the King
0%
#80Demi LovatoMade in the USA
0%
August#58Danielle BradberyThe Heart of Dixie
0%
#91Jay-ZPicasso Baby
0%
#78Danielle BradberyWho I Am
0%
#39Jay-ZTom Ford
0%
#100KrewellaLive for the Night
0%
#89Wale ft. Sam DewLoveHate Thing
0%
#99The Swon BrothersI Can't Tell You Why
0%
#92Michelle ChamuelWhy
0%
#77John MayerPaper Doll
0%
#75Danielle BradberyBorn to Fly
0%
#69Kanye WestBlack Skinhead
0%
July#56Kanye WestNew Slaves
0%
#92Amber CarringtonSad
0%
#91Danielle BradberyPlease Remember Me
0%
#90The Swon BrothersTurn the Page
0%
#88Jack JohnsonI Got You
0%
#87Panic! At The DiscoThis Is Gospel
0%

Score Distribution

Percentile by Number Answered

Percent of People with Each Score

Your Score History

You have not taken this quiz